| 000 | 00498cam a2200193ua 4500 | ||
|---|---|---|---|
| 001 | 11674 | ||
| 005 | 20260515114801.0 | ||
| 008 | 191017n ii |||gr||||Z||||||eng | ||
| 020 | _a8170280028 | ||
| 040 | _cMAIN | ||
| 041 | _aeng | ||
| 082 | _a891.4303 | ||
| 100 |
_aHardev Bahri, _eAuthor. |
||
| 245 |
_aLearners hindi english dictionary _cBy Hardev Bahri |
||
| 260 |
_aDelhi: _bRajpal and books, _c1986. |
||
| 300 | _a758p. | ||
| 653 | _aEast Indo-European & Celtic literatures | ||
| 942 | _cBK | ||
| 999 |
_c10470 _d10470 |
||